No Wind Resistance-Kinneret lyrics - Statistics

General Stats
  • This quiz has been taken 17 times
  • The average score is 143 of 239
Answer Stats
Answer % Correct
a
100%
and
100%
And
100%
can
100%
I
100%
no
100%
No
100%
resistance
100%
wind
100%
the
93%
with
93%
faster
87%
Im
87%
I've
87%
not
87%
run
87%
Theres
87%
theres
87%
you
87%
been
80%
bored
80%
can't
80%
ever
80%
is
80%
nothing
80%
of
80%
still
80%
that
80%
years
80%
here
73%
I'll
73%
sixty
73%
we
73%
afford
67%
cardboard
67%
conditions
67%
everything
67%
fly
67%
found
67%
in
67%
it
67%
made
67%
myself
67%
sing
67%
under
67%
weird
67%
your
67%
almost
60%
bet
60%
complete
60%
end
60%
So
60%
submission
60%
Teach
60%
being
53%
chords
53%
distance
53%
imagine
53%
Imagine
53%
see
53%
timeless
53%
to
53%
ya
53%
don't
47%
go
47%
grant
47%
how
47%
human
47%
it's
47%
know
47%
me
47%
reach
47%
at
40%
But
40%
float
40%
name
40%
permission
40%
pollution
40%
While
40%
while
40%
ahead
33%
all
33%
Denying
33%
ends
33%
find
33%
for
33%
illusion
33%
Janet
33%
Laughing
33%
meaning
33%
proven
33%
reducing
33%
solution
33%
Thinking
33%
'til
33%
tyranny
33%
yourself
33%
blame
27%
confusion
27%
else
27%
got
27%
Hating
27%
irony
27%
now
27%
one
27%
absolutely
20%
girl
20%
institutions
20%
Just
20%
just
20%
race
20%
you've
20%
You've
20%
brain
13%
free
13%
veins
13%
conciousness
7%
inside
7%
shoot
7%
stuff
7%
suck
7%
window
7%
absoultely
0%
exsistence
0%
grace
0%
heartbeats
0%
join
0%
Maybe
0%
metamphetamine
0%
Off-beat
0%
once
0%
reciepts
0%
seats
0%
streets
0%
trapped
0%
you'll
0%
No matching quizzes found
Score Distribution
Percent of People with Each Score
Percentile by Number Answered
Your Score History
You have not taken this quiz